[Event "16. Bayer Open"]
[Site "Leverkusen"]
[Date "2018.02.05"]
[Round "4.11"]
[White "Wille, Thomas"]
[Black "Pützkaul, Karl"]
[Result "1/2-1/2"]
[WhiteElo "2074"]
[BlackElo "1881"]
[PlyCount "107"]
[EventDate "2018.??.??"]
[WhiteTeam "Velberter SG"]
[BlackTeam "SC Bayer Leverkusen"]

1. c4 e6 2. g3 d5 3. Bg2 Nf6 4. Nf3 Be7 5. b3 O-O 6. O-O Nbd7 7. Nc3 c6 8. d4
b6 9. Bb2 Bb7 10. Re1 Rc8 11. Rc1 c5 12. cxd5 exd5 13. e3 Re8 14. a3 a6 15.
dxc5 bxc5 16. Nh4 Nb6 17. Nf5 Bf8 18. g4 Ba8 19. g5 Ne4 20. Nxe4 dxe4 21. Qxd8
Rexd8 22. Red1 Rd3 23. Bf1 Rd5 24. Rxd5 Bxd5 25. Bxa6 Ra8 26. Bc4 Bxc4 27. bxc4
Ra4 28. Rc2 Nxc4 29. Bc1 Nxa3 30. Bxa3 Rxa3 31. Rc4 g6 32. Ng3 Be7 33. Nxe4 Kg7
34. Kg2 Rd3 35. Nxc5 Rd5 36. Ne4 Bxg5 37. Rc5 Rxc5 38. Nxc5 Be7 39. Ne4 f5 40.
Nc3 Kf7 41. Kf3 Ke6 42. e4 fxe4+ 43. Kxe4 Bd6 44. h3 h6 45. Nd5 Bb8 46. f3 Bd6
47. Ne3 h5 48. f4 Bc5 49. Nc4 Kf6 50. Ne5 Bd6 51. Nf3 Bc7 52. Ng5 Bb8 53. Nh7+
Kg7 54. Ng5 1/2-1/2

[Event "16. Bayer Open"]
[Site "Leverkusen"]
[Date "2018.02.05"]
[Round "4.12"]
[White "Riesen, Peter"]
[Black "Sockel, Karl-Heinz"]
[Result "1/2-1/2"]
[WhiteElo "1864"]
[BlackElo "2070"]
[PlyCount "45"]
[EventDate "2018.??.??"]
[WhiteTeam "Klub Kölner SF"]
[BlackTeam "SC Bayer Leverkusen"]

1. e4 d5 2. exd5 Nf6 3. d4 g6 4. c4 b5 5. Nf3 bxc4 6. Bxc4 Nxd5 7. Nc3 c6 8.
Nxd5 cxd5 9. Bb5+ Bd7 10. Qa4 Bxb5 11. Qxb5+ Qd7 12. Qxd7+ Nxd7 13. Be3 Rc8 14.
Kd2 e6 15. a3 Bd6 16. Rhc1 Ke7 17. h3 Bc7 18. Kd3 Nb6 19. b3 Bd6 20. Rxc8 Rxc8
21. a4 Na8 22. Rc1 Rc7 23. Rxc7+ 1/2-1/2

[Event "16. Bayer Open"]
[Site "Leverkusen"]
[Date "2018.02.05"]
[Round "4.13"]
[White "ter Steeg, Marcus"]
[Black "Kuhn, Andreas"]
[Result "1-0"]
[WhiteElo "2066"]
[BlackElo "1835"]
[PlyCount "107"]
[EventDate "2018.??.??"]
[WhiteTeam "SF Essen-Werden"]
[BlackTeam "SG Niederkassel"]

1. d4 Nf6 2. c4 g6 3. Nc3 Bg7 4. e4 d6 5. Nf3 O-O 6. Be2 Nbd7 7. O-O e5 8. Be3
Re8 9. d5 Nh5 10. g3 Bf8 11. b4 Ng7 12. Ne1 f5 13. f3 Nf6 14. Nd3 Be7 15. c5
Rf8 16. Rc1 a5 17. Rb1 axb4 18. Rxb4 Ra3 19. Rb3 Ra5 20. cxd6 Bxd6 21. Nb2 Bc5
22. Nc4 Bxe3+ 23. Nxe3 Qe7 24. Nc4 Ra7 25. d6 cxd6 26. Qxd6 Qxd6 27. Nxd6 Be6
28. Bc4 Bxc4 29. Nxc4 fxe4 30. fxe4 Nd7 31. Rxf8+ Kxf8 32. Rb5 Ne6 33. Nxe5
Nxe5 34. Rxe5 Nd4 35. Rd5 Ne6 36. a4 Ke7 37. Kf2 Nd8 38. Ke3 Nc6 39. Kf4 Ke6
40. Kg5 Ne5 41. Kh6 Ng4+ 42. Kxh7 b5+ 43. Kxg6 bxa4 44. Nb5 Ne5+ 45. Rxe5+ Kxe5
46. Nxa7 a3 47. Nc6+ Kd6 48. Nb4 Kc5 49. Na2 Kc4 50. e5 Kb3 51. e6 Kxa2 52. e7
Kb2 53. e8=Q a2 54. Qe5+ 1-0

[Event "16. Bayer Open"]
[Site "Leverkusen"]
[Date "2018.02.05"]
[Round "4.14"]
[White "Ziabari, Morteza"]
[Black "Grah, Ulrich"]
[Result "1-0"]
[WhiteElo "1845"]
[BlackElo "2013"]
[PlyCount "139"]
[EventDate "2018.??.??"]
[WhiteTeam "Kettwiger SG"]
[BlackTeam "SG Solingen"]

1. e4 e6 2. d4 d5 3. e5 c5 4. c3 Nc6 5. Nf3 cxd4 6. cxd4 Nh6 7. Nc3 f6 8. Bb5
Nf7 9. O-O Bd7 10. Re1 fxe5 11. Nxe5 Ncxe5 12. dxe5 Be7 13. Qa4 a6 14. Bxd7+
Qxd7 15. Qxd7+ Kxd7 16. Nxd5 exd5 17. e6+ Ke8 18. exf7+ Kxf7 19. Bd2 Bf6 20.
Rab1 Rac8 21. Red1 d4 22. g4 h6 23. Ba5 Rc6 24. Rd3 b6 25. Be1 Rc2 26. a4 Re8
27. b4 Ree2 28. Kg2 Bh4 29. Rf3+ Ke6 30. Kf1 Bf6 31. Rd1 Re4 32. h3 Ra2 33. a5
b5 34. Rc1 Kd6 35. Rd3 Ree2 36. Rcd1 Ke7 37. Bd2 Re6 38. Kg2 g5 39. h4 gxh4 40.
Bxh6 h3+ 41. Rxh3 Ree2 42. Rf3 Bh4 43. Rf1 d3 44. Re3+ Kf7 45. Rxd3 Rxf2+ 46.
Rxf2+ Rxf2+ 47. Kh3 Be7 48. Bd2 Rf1 49. Rb3 Rd1 50. Be3 Re1 51. Bc5 Bxc5 52.
bxc5 Rc1 53. Rd3 Rxc5 54. Rd6 Rc3+ 55. Kh4 b4 56. Rxa6 Ra3 57. g5 b3 58. Kh5 b2
59. Ra7+ Ke6 60. Rb7 Rxa5 61. Rxb2 Ra1 62. Kg6 Rf1 63. Re2+ Kd7 64. Kg7 Rf3 65.
g6 Rg3 66. Kf7 Rf3+ 67. Kg8 Rf1 68. g7 Rf3 69. Rh2 Ke7 70. Kh7 1-0

[Event "16. Bayer Open"]
[Site "Leverkusen"]
[Date "2018.02.05"]
[Round "4.15"]
[White "Axmann, Michael"]
[Black "Henseler, Klaus"]
[Result "0-1"]
[WhiteElo "1827"]
[BlackElo "1948"]
[PlyCount "110"]
[EventDate "2018.??.??"]
[WhiteTeam "SC Bayer Leverkusen"]
[BlackTeam "SC Bayer Leverkusen"]

1. d4 Nf6 2. c4 g6 3. Nc3 Bg7 4. Nf3 d6 5. Bg5 h6 6. Bd2 Nbd7 7. e3 O-O 8. Bd3
e5 9. O-O Re8 10. Qc2 Nf8 11. h3 c6 12. Rad1 Qe7 13. e4 Nh5 14. dxe5 dxe5 15.
Qc1 Kh7 16. Nh2 Ne6 17. Ne2 Nf6 18. Ng3 Nc5 19. Bb1 Ne6 20. b4 Nd4 21. Bc3 Nh5
22. Qe3 Nxg3 23. fxg3 Be6 24. Bd3 Rad8 25. a3 b6 26. g4 c5 27. Nf3 f6 28. h4
Bxg4 29. Be2 Qe6 30. Kh2 h5 31. Bd2 Nxe2 32. Qxe2 Rd6 33. bxc5 bxc5 34. Rb1 Rb6
35. Ba5 Rxb1 36. Rxb1 Qc6 37. Rb5 Rc8 38. Qc2 Bh6 39. Qb1 Rg8 40. Rb7+ Rg7 41.
Rb8 Rd7 42. Qc2 Qd6 43. Rb1 Bf4+ 44. Kh1 Kh6 45. Ng1 Qd4 46. Be1 Be3 47. Nf3
Qd3 48. Qxd3 Rxd3 49. Nh2 Be6 50. Nf1 Bd4 51. Bd2+ g5 52. Rb8 Rxa3 53. g3 Bxc4
54. hxg5+ fxg5 55. Kg2 Ra2 0-1

[Event "16. Bayer Open"]
[Site "Leverkusen"]
[Date "2018.02.05"]
[Round "4.16"]
[White "Janssen, Wolfgang"]
[Black "Boschek, Hans-Joachim"]
[Result "0-1"]
[WhiteElo "1674"]
[BlackElo "1942"]
[PlyCount "96"]
[EventDate "2018.??.??"]
[WhiteTeam "SV Dormagen"]
[BlackTeam "SG Solingen"]

1. e4 c5 2. Nf3 e6 3. d3 Nc6 4. g3 g6 5. Bg2 Bg7 6. O-O d6 7. c3 Nge7 8. h4 O-O
9. h5 d5 10. hxg6 hxg6 11. Nbd2 b6 12. Re1 dxe4 13. dxe4 e5 14. Qc2 Ba6 15. Bf1
Qc8 16. Nc4 Rd8 17. Bg5 f6 18. Qb3 Qe6 19. Be3 b5 20. Ncd2 c4 21. Nxc4 bxc4 22.
Qa4 Nb8 23. Rad1 Rxd1 24. Rxd1 Qc6 25. Rd8+ Kf7 26. Qc2 Nd7 27. Rxa8 Qxa8 28.
b3 Nb6 29. a4 Qc6 30. Bxb6 Qxb6 31. b4 Bh6 32. b5 Bc8 33. Bxc4+ Kg7 34. Qb3 Qd6
35. Bd5 f5 36. c4 f4 37. Qc3 Kf6 38. c5 Nxd5 39. exd5 Qxd5 40. c6 fxg3 41. fxg3
Bf8 42. Kh2 Bd6 43. Qe3 Qa2+ 44. Kh1 Qxa4 45. Qg5+ Kg7 46. Nh4 Qg4 47. Qd8 Qh3+
48. Kg1 Bc5+ 0-1

[Event "16. Bayer Open"]
[Site "Leverkusen"]
[Date "2018.02.05"]
[Round "4.17"]
[White "Werthmann, Martin-Lorenz"]
[Black "Meul, Willi"]
[Result "0-1"]
[WhiteElo "1363"]
[BlackElo "1931"]
[PlyCount "90"]
[EventDate "2018.??.??"]
[WhiteTeam "Kölner SK Dr. Lasker"]
[BlackTeam "SV Hürth-Berrenrath"]

1. e4 c5 2. Nc3 d6 3. f4 g6 4. Bc4 Bg7 5. Nf3 e6 6. O-O Nc6 7. d3 a6 8. a3 Nge7
9. Ba2 O-O 10. Ne2 Bd7 11. c3 b5 12. Qc2 Rc8 13. Be3 a5 14. Qd2 Qc7 15. d4 cxd4
16. cxd4 d5 17. e5 b4 18. Rac1 Qb6 19. Rc5 Na7 20. axb4 axb4 21. Rfc1 Rc6 22.
g4 Qa6 23. Rxc6 Naxc6 24. b3 Ra8 25. Bb1 Qa3 26. Bc2 Na5 27. Qd3 Rc8 28. Bd2
Nec6 29. Ng3 Na7 30. f5 Bb5 31. Qe3 Qb2 32. Bd1 Rxc1 33. Bxc1 Qc3 34. Qf4 Nxb3
35. Bxb3 Qxb3 36. f6 Qd1+ 37. Kg2 Bf8 38. Ng5 Qc2+ 39. Bd2 h6 40. Nf3 b3 41. g5
h5 42. Nh4 Bd3 43. Nf3 b2 44. Ne1 Be4+ 45. Kh3 Qd1 0-1

[Event "16. Bayer Open"]
[Site "Leverkusen"]
[Date "2018.02.05"]
[Round "4.18"]
[White "Piekorz, Roland"]
[Black "Pyrowicz, Jacek"]
[Result "1-0"]
[WhiteElo "1929"]
[BlackElo "1825"]
[PlyCount "81"]
[EventDate "2018.??.??"]
[WhiteTeam "Düsseldorfer SK"]
[BlackTeam "SV Wermelskirchen"]

1. c4 e5 2. Nc3 Nf6 3. e4 Bc5 4. g3 d6 5. h3 Nc6 6. Bg2 Be6 7. d3 h6 8. Nge2
Qd7 9. Nd5 Nd4 10. Be3 Nxe2 11. Qxe2 Bxd5 12. exd5 Bb4+ 13. Bd2 Bxd2+ 14. Qxd2
O-O 15. O-O c6 16. d4 e4 17. dxc6 bxc6 18. Rfe1 d5 19. b3 Rfe8 20. Rac1 Re7 21.
Kh2 Qd6 22. cxd5 cxd5 23. Rc5 Rae8 24. Qc3 Qb8 25. Qe3 h5 26. Kh1 Re6 27. Rec1
Ra6 28. R1c2 Qd6 29. Bf1 Rb6 30. Be2 Qe6 31. Kg2 g6 32. R2c3 Kg7 33. Bb5 Re7
34. Rc6 Rxc6 35. Rxc6 Qf5 36. Be2 g5 37. b4 Rb7 38. b5 Rb6 39. Rc7 a6 40. bxa6
Ne8 41. Rb7 1-0

[Event "16. Bayer Open"]
[Site "Leverkusen"]
[Date "2018.02.05"]
[Round "4.19"]
[White "Baier, Uwe"]
[Black "Schülke, Tilman"]
[Result "0-1"]
[WhiteElo "1834"]
[BlackElo "1971"]
[PlyCount "134"]
[EventDate "2018.??.??"]
[WhiteTeam "Schachuzipus Köln-Mülheim"]
[BlackTeam "Düsseldorfer SV"]

1. e4 g6 2. Nc3 d6 3. Bc4 e6 4. Nf3 Bg7 5. O-O h6 6. Re1 Nd7 7. d4 a6 8. a4 b6
9. Be3 Ne7 10. Qd2 Bb7 11. Rad1 Nf6 12. e5 Nfd5 13. Nxd5 Nxd5 14. Be2 Nxe3 15.
Qxe3 O-O 16. b4 a5 17. b5 Re8 18. c4 Qe7 19. Rc1 Bf8 20. Nd2 dxe5 21. dxe5 Qg5
22. Qxg5 hxg5 23. Bf3 Bxf3 24. Nxf3 Red8 25. h3 Rd3 26. Kf1 Rad8 27. Ke2 Bc5
28. Red1 Rxd1 29. Rxd1 Rxd1 30. Kxd1 g4 31. hxg4 Bxf2 32. Ke2 Bg3 33. Kd3 Kg7
34. Ke4 Kf8 35. Nd4 Ke8 36. Nc6 Kd7 37. Kf3 Be1 38. Kf4 Bd2+ 39. Ke4 Bc1 40.
Kd3 Bg5 41. Kd4 Bc1 42. Ke4 g5 43. Kd4 Bb2+ 44. Ke4 f6 45. exf6 Bxf6 46. Nb8+
Kd6 47. Nc6 Kc5 48. Ne5 Kb4 49. Nd7 Bd8 50. Kd3 Be7 51. Ne5 Kxa4 52. Kc2 Bf6
53. Nd7 Bd4 54. Nf8 e5 55. Ne6 Kb4 56. Nxg5 Kxc4 57. Ne4 Be3 58. g5 Kd4 59. g6
Bh6 60. Ng5 Kd5 61. Nf7 Bg7 62. g4 Kc5 63. Nd8 Kd6 64. Nf7+ Ke6 65. g5 Kf5 66.
Kd3 Kxg6 67. Ke4 Kxf7 0-1

[Event "16. Bayer Open"]
[Site "Leverkusen"]
[Date "2018.02.05"]
[Round "4.21"]
[White "Scharff, Klaus"]
[Black "Elsweiler, Karl-Heinz"]
[Result "1-0"]
[WhiteElo "1952"]
[BlackElo "1738"]
[PlyCount "109"]
[EventDate "2018.??.??"]
[WhiteTeam "SV Opladen"]
[BlackTeam "SV Opladen"]

1. d4 Nf6 2. c4 e6 3. Nc3 Bb4 4. a3 Bxc3+ 5. bxc3 b6 6. f3 Bb7 7. Bg5 h6 8. Bh4
d6 9. e4 Nbd7 10. Bd3 e5 11. Ne2 g5 12. Bf2 Nh5 13. g3 Qf6 14. Ng1 Rg8 15. a4
a5 16. c5 dxc5 17. dxc5 Ba6 18. cxb6 Nxb6 19. Bxa6 Rxa6 20. Qd3 Nd7 21. Nh3 g4
22. fxg4 Rxg4 23. O-O Rd6 24. Qe2 Qg6 25. Rae1 Nhf6 26. Qb5 Nxe4 27. Re3 Rf6
28. Qxa5 Nd2 29. Rd1 Nf3+ 30. Kh1 Qc2 31. Qa8+ Ke7 32. Rxd7+ Kxd7 33. Qd5+ Kc8
34. Rxf3 Rxf3 35. Qxf3 Rxa4 36. Qxf7 Ra1+ 37. Kg2 Qe4+ 38. Qf3 Qxf3+ 39. Kxf3
Rc1 40. Ke4 Rxc3 41. Kxe5 c5 42. Kd5 c4 43. Kd4 Rc2 44. g4 Kd7 45. Bg3 Ke7 46.
Nf2 Kf7 47. Ne4 Kg6 48. h4 Re2 49. h5+ Kf7 50. Bf4 Rg2 51. Ng3 Kg7 52. Nf5+ Kh7
53. Nxh6 Rf2 54. Be3 Rf3 55. Nf5 1-0

[Event "16. Bayer Open"]
[Site "Leverkusen"]
[Date "2018.02.05"]
[Round "4.22"]
[White "Alexopoulos, Spiros Orestis"]
[Black "Jansen-Karanatsios, Michael"]
[Result "0-1"]
[WhiteElo "1947"]
[BlackElo "1717"]
[PlyCount "88"]
[EventDate "2018.??.??"]
[WhiteTeam "Aachener SV"]
[BlackTeam "Kölner SK Dr. Lasker"]

1. e4 c5 2. Nf3 Nc6 3. d4 cxd4 4. Nxd4 Nf6 5. Nc3 e5 6. Ndb5 d6 7. Bg5 a6 8.
Na3 b5 9. Nd5 Be6 10. c4 Qa5+ 11. Bd2 b4 12. Nxf6+ gxf6 13. Nc2 Qc5 14. Be3 Qa5
15. b3 f5 16. exf5 Bxf5 17. Qd5 Qxd5 18. cxd5 Bxc2 19. dxc6 e4 20. Rc1 Bd3 21.
Bxd3 exd3 22. Kd2 Bg7 23. Kxd3 Rg8 24. Rhe1 Bc3 25. Bd2+ Kd8 26. Bxc3 bxc3 27.
g3 Rg5 28. Rxc3 a5 29. Re4 Rd5+ 30. Rd4 Rxd4+ 31. Kxd4 Kc7 32. Kd5 a4 33. b4
Rb8 34. a3 Rb5+ 35. Kd4 h5 36. Rf3 f5 37. Rc3 Re5 38. f4 Re2 39. h4 Re1 40. Re3
Rd1+ 41. Rd3 Rg1 42. Rc3 Rd1+ 43. Kc4 Kb6 44. b5 d5+ 0-1

[Event "16. Bayer Open"]
[Site "Leverkusen"]
[Date "2018.02.05"]
[Round "4.23"]
[White "Schimpf, Rolf"]
[Black "Pfister, Jürgen"]
[Result "0-1"]
[WhiteElo "1936"]
[BlackElo "1669"]
[PlyCount "74"]
[EventDate "2018.??.??"]
[WhiteTeam "SC Bayer Leverkusen"]
[BlackTeam "SF Düsseldorf-Süd"]

1. d4 d5 2. e3 Nf6 3. f4 Bf5 4. Nf3 e6 5. Bd3 Be4 6. O-O h6 7. c3 c5 8. Qc2
Bxd3 9. Qxd3 c4 10. Qc2 Bd6 11. Nbd2 Nc6 12. Ne5 Qc7 13. Ndf3 Ne4 14. Bd2 a6
15. Rae1 Rg8 16. b3 Na5 17. bxc4 Nxc4 18. Nxc4 Qxc4 19. Rb1 b5 20. Ne5 Qe2 21.
Nf3 Rc8 22. Rbe1 Qc4 23. Rc1 Ke7 24. Be1 Ba3 25. Rb1 Nxc3 26. Bxc3 Qxc3 27. Qf2
b4 28. Ne5 f6 29. Ng6+ Kf7 30. Qg3 Qd3 31. Nh4 g6 32. Rbd1 Qe4 33. Qf2 Rc2 34.
Rd2 Rgc8 35. Nf3 Bc1 36. Rxc2 Rxc2 37. Qe1 Qxe3+ 0-1

[Event "16. Bayer Open"]
[Site "Leverkusen"]
[Date "2018.02.05"]
[Round "4.24"]
[White "German, Raphael"]
[Black "Blumenthal, Ralf"]
[Result "1/2-1/2"]
[WhiteElo "1833"]
[BlackElo "1922"]
[PlyCount "96"]
[EventDate "2018.??.??"]
[BlackTeam "SK Turm Euskirchen"]

1. e4 c5 2. Nf3 e6 3. d4 cxd4 4. Nxd4 a6 5. Bc4 Nf6 6. Nc3 Qa5 7. f3 Bb4 8. Qd3
O-O 9. O-O d5 10. exd5 exd5 11. Bb3 Nbd7 12. Bg5 h6 13. Bxf6 Nxf6 14. Nce2 Bd7
15. c3 Bd6 16. Kh1 g6 17. Qd2 Kg7 18. Ng3 Qc7 19. Qf2 Bf4 20. Nge2 Rae8 21.
Nxf4 Qxf4 22. g3 Qe3 23. Kg2 Re7 24. Qxe3 Rxe3 25. Kf2 Re5 26. Rfe1 Rfe8 27.
Rxe5 Rxe5 28. Rd1 Kf8 29. Nc2 Bb5 30. Ne3 Bc6 31. Rd4 Ke7 32. h3 Kd6 33. c4 Kc5
34. Rf4 d4 35. Nc2 Rf5 36. Rxf5+ gxf5 37. Ne1 b6 38. Ke2 Nh5 39. Nd3+ Kd6 40.
Kf2 Ng7 41. f4 f6 42. Nb4 Bb7 43. Nd5 Bxd5 44. cxd5 Ne8 45. Bc2 Kxd5 46. Bxf5
Nd6 47. Bd3 Ne4+ 48. Kf3 Nc5 1/2-1/2

[Event "16. Bayer Open"]
[Site "Leverkusen"]
[Date "2018.02.05"]
[Round "4.25"]
[White "Jiritschka, Wolfgang"]
[Black "Kolleck, Wolf-Dietrich"]
[Result "1-0"]
[WhiteElo "1898"]
[BlackElo "1546"]
[PlyCount "79"]
[EventDate "2018.??.??"]
[WhiteTeam "SC Bayer Leverkusen"]
[BlackTeam "SC Bayer Leverkusen"]

1. c4 c5 2. Nc3 Nf6 3. Nf3 e6 4. d4 d5 5. cxd5 cxd4 6. Qxd4 exd5 7. e3 Nc6 8.
Qd1 Bb4 9. Bd2 O-O 10. a3 Ba5 11. b4 Bc7 12. Nb5 Re8 13. Be2 Bg4 14. Nxc7 Qxc7
15. Rc1 Qd6 16. b5 Ne5 17. Bb4 Qd7 18. Nxe5 Rxe5 19. Bc3 Bxe2 20. Qxe2 Re6 21.
O-O Ne4 22. Bd4 Rg6 23. Rfd1 Qf5 24. f3 Ng5 25. Kh1 h5 26. Qc2 Qxc2 27. Rxc2
Ne6 28. Kg1 Nxd4 29. Rxd4 Rd8 30. Rc7 Rb6 31. a4 a6 32. Rc5 axb5 33. a5 Rc6 34.
Rxb5 Rc1+ 35. Kf2 Rc2+ 36. Kg3 Rd6 37. Rdxd5 Re6 38. e4 g6 39. h4 Rec6 40. Rxb7
1-0

[Event "16. Bayer Open"]
[Site "Leverkusen"]
[Date "2018.02.05"]
[Round "4.26"]
[White "Gutt, Oswald"]
[Black "Klees, Robert"]
[Result "1-0"]
[WhiteElo "1890"]
[BlackElo "1575"]
[PlyCount "49"]
[EventDate "2018.??.??"]
[WhiteTeam "Bergische SF"]
[BlackTeam "SF Düsseldorf-Süd"]

1. e4 e5 2. Nf3 Nc6 3. Bb5 Nf6 4. O-O Bc5 5. d3 a6 6. Bxc6 dxc6 7. h3 h5 8. Bg5
Qd6 9. Nbd2 Ng4 10. Nc4 Qe6 11. hxg4 hxg4 12. Nfxe5 f6 13. Ng6 Rh7 14. Be3 Bxe3
15. Nxe3 Qf7 16. Nf4 g5 17. Nxg4 gxf4 18. e5 Bxg4 19. Qxg4 fxe5 20. Rfe1 Kf8
21. Rxe5 Rh6 22. Rae1 Rg6 23. Qf5 Rf6 24. Qh5 Qg7 25. Re8+ 1-0

[Event "16. Bayer Open"]
[Site "Leverkusen"]
[Date "2018.02.05"]
[Round "4.28"]
[White "Antar Badal, Azadi"]
[Black "Nölle, Michael"]
[Result "1-0"]
[WhiteElo "1856"]
[BlackElo "1471"]
[PlyCount "83"]
[EventDate "2018.??.??"]
[WhiteTeam "Königsspringer Leverkusen"]
[BlackTeam "SF Schlebusch"]

1. e4 c5 2. Nf3 Nc6 3. Nc3 e6 4. Bb5 Nge7 5. d4 a6 6. Be2 Nxd4 7. Nxd4 cxd4 8.
Qxd4 Nc6 9. Qa4 Bb4 10. O-O Rb8 11. Be3 b5 12. Qb3 Qe7 13. a3 Ba5 14. Bf3 O-O
15. Ne2 Ne5 16. Bf4 Bc7 17. Qc3 Nxf3+ 18. Qxf3 Bxf4 19. Qxf4 Bb7 20. Rfd1 e5
21. Qf5 Bc8 22. Qh5 Rb6 23. Rd5 Re6 24. Ng3 d6 25. Rad1 Rd8 26. Nf5 Qf6 27. Qg4
Kh8 28. R5d3 g6 29. Ne3 h5 30. Qe2 Bb7 31. f3 Qg5 32. c4 f5 33. c5 fxe4 34.
fxe4 Bxe4 35. Rxd6 Rexd6 36. cxd6 Rf8 37. Nc4 Bf3 38. Qxe5+ Qxe5 39. Nxe5 Bxd1
40. d7 Bg4 41. Nxg6+ Kg7 42. Nxf8 1-0

[Event "16. Bayer Open"]
[Site "Leverkusen"]
[Date "2018.02.05"]
[Round "4.30"]
[White "Balduan, Karl-Heinz"]
[Black "Witte, Volker"]
[Result "0-1"]
[WhiteElo "1600"]
[BlackElo "1836"]
[PlyCount "68"]
[EventDate "2018.??.??"]
[WhiteTeam "Königsspringer Leverkusen"]
[BlackTeam "SF Schlebusch"]

1. d4 Nf6 2. Nf3 b6 3. Bf4 Bb7 4. e3 e6 5. Nbd2 c5 6. c3 Be7 7. Be2 O-O 8. h3
d5 9. Bg5 Nbd7 10. Bf4 Ne4 11. O-O Ndf6 12. Ne5 Bd6 13. f3 Nxd2 14. Qxd2 c4 15.
a4 Qc7 16. Qc2 Nh5 17. g4 Nxf4 18. exf4 f6 19. Rf2 fxe5 20. fxe5 Be7 21. f4 Bh4
22. Rf3 g6 23. Bd1 Qg7 24. Qg2 Rf7 25. g5 h6 26. Qg4 hxg5 27. Qxe6 Raf8 28. f5
gxf5 29. Bc2 Bc8 30. Qxd5 Bb7 31. Qxc4 Bxf3 32. Bxf5 g4 33. hxg4 Bxg4 34. Bxg4
Qxg4+ 0-1

[Event "16. Bayer Open"]
[Site "Leverkusen"]
[Date "2018.02.05"]
[Round "4.31"]
[White "Wehr, Günter"]
[Black "Beyer, Fabian"]
[Result "0-1"]
[WhiteElo "1665"]
[BlackElo "1908"]
[PlyCount "62"]
[EventDate "2018.??.??"]
[WhiteTeam "SV Opladen"]
[BlackTeam "SG Solingen"]

1. d4 Nf6 2. Nf3 b6 3. c4 e6 4. Nc3 Bb7 5. Bf4 d5 6. Nb5 Bb4+ 7. Nd2 Na6 8. a3
Be7 9. Rc1 c6 10. Nc3 O-O 11. e3 Bd6 12. Bxd6 Qxd6 13. Bd3 c5 14. Nb5 Qe7 15.
O-O Rfc8 16. Qe2 Nc7 17. cxd5 Ncxd5 18. e4 Nf4 19. Qe3 Nxd3 20. Qxd3 a6 21. e5
axb5 22. exf6 Qxf6 23. Qxb5 Qf4 24. f3 Qxd2 25. dxc5 Qe3+ 26. Kh1 Rxc5 27. Rxc5
Qxc5 28. Qd3 Ba6 29. Qd1 Bxf1 30. Qxf1 Rc8 31. h3 Qc1 0-1

[Event "16. Bayer Open"]
[Site "Leverkusen"]
[Date "2018.02.05"]
[Round "4.33"]
[White "Multhauf, Stefan"]
[Black "Rudolph, Eva"]
[Result "0-1"]
[WhiteElo "1664"]
[BlackElo "1757"]
[PlyCount "76"]
[EventDate "2018.??.??"]
[WhiteTeam "Königsspringer Leverkusen"]
[BlackTeam "Düsseldorfer SK"]

1. d4 d5 2. Bf4 Nf6 3. e3 e6 4. c3 c5 5. Nd2 Be7 6. Ngf3 Nc6 7. Ne5 O-O 8. Bd3
Bd7 9. h4 c4 10. Bc2 b5 11. g4 Ne8 12. g5 f5 13. Qh5 g6 14. Qh6 Nxe5 15. Bxe5
Rf7 16. Bf6 Nxf6 17. gxf6 Bxf6 18. Nf3 Bg7 19. Qf4 Qb8 20. Qxb8+ Rxb8 21. h5
Bf6 22. hxg6 hxg6 23. Ke2 Rh7 24. Rxh7 Kxh7 25. Rg1 b4 26. Rb1 a5 27. cxb4 axb4
28. b3 c3 29. Rh1+ Kg7 30. Ne1 Bb5+ 31. Kd1 e5 32. dxe5 Bxe5 33. Nd3 Bd6 34.
Kc1 Ra8 35. Kb1 Re8 36. Rh4 Re4 37. Rh3 Re7 38. Rg3 Bxg3 0-1

[Event "16. Bayer Open"]
[Site "Leverkusen"]
[Date "2018.02.05"]
[Round "4.34"]
[White "Blomeyer, Peter"]
[Black "Shelukie, Magd"]
[Result "1-0"]
[WhiteElo "1794"]
[BlackElo "1592"]
[PlyCount "120"]
[EventDate "2018.??.??"]
[WhiteTeam "Königsspringer Leverkusen"]
[BlackTeam "Bergische SF"]

1. c4 e5 2. g3 Nf6 3. Bg2 c6 4. Nf3 e4 5. Nd4 d5 6. cxd5 cxd5 7. O-O Nc6 8.
Nxc6 bxc6 9. d3 Be7 10. Nc3 O-O 11. dxe4 d4 12. Na4 Bb7 13. Qc2 Re8 14. Rd1 c5
15. e3 Rc8 16. b3 Bf8 17. f3 Ba6 18. Nb2 Qb6 19. Nc4 Qe6 20. Bd2 Rcd8 21. exd4
Bxc4 22. Qxc4 Qxc4 23. bxc4 Rxd4 24. Be3 Rxc4 25. Rdc1 Rxc1+ 26. Rxc1 Rc8 27.
Bf1 Nd7 28. Kf2 Nb6 29. Bc4 Be7 30. f4 Kf8 31. Ke2 Ke8 32. Bb5+ Kd8 33. a4 Rc7
34. f5 Bd6 35. Kf3 f6 36. h4 g6 37. g4 Nd7 38. Bxd7 Kxd7 39. g5 Ke7 40. Rc4 Kf7
41. Bc1 Rb7 42. Bf4 Bxf4 43. Kxf4 gxf5 44. Kxf5 fxg5 45. hxg5 Rb4 46. Rxc5 Rxa4
47. Rc7+ Kg8 48. e5 Ra1 49. Kf6 Rf1+ 50. Ke7 Rf7+ 51. Kd8 Rxc7 52. Kxc7 Kf7 53.
Kd7 a5 54. e6+ Kg6 55. e7 Kxg5 56. e8=Q h5 57. Qa8 h4 58. Qxa5+ Kg4 59. Qe1 h3
60. Qh1 Kg3 1-0

[Event "16. Bayer Open"]
[Site "Leverkusen"]
[Date "2018.02.05"]
[Round "4.35"]
[White "Paul, André David"]
[Black "Gnass, Arno"]
[Result "0-1"]
[WhiteElo "1655"]
[BlackElo "1789"]
[PlyCount "51"]
[EventDate "2018.??.??"]
[WhiteTeam "Kölner SK Dr. Lasker"]
[BlackTeam "Bergische SF"]

1. d4 Nf6 2. c4 g6 3. Nc3 d5 4. e3 Bg7 5. Nf3 O-O 6. cxd5 Nxd5 7. Be2 b6 8. e4
Nxc3 9. bxc3 c5 10. Bb2 cxd4 11. Nxd4 Bb7 12. Bd3 Na6 13. f3 Nc5 14. Be2 a6 15.
O-O Qc7 16. Qc2 Nxe4 17. Ne6 fxe6 18. fxe4 Rac8 19. Rxf8+ Rxf8 20. Bf3 Rc8 21.
Rc1 Qc5+ 22. Qf2 Qxf2+ 23. Kxf2 Rc4 24. Rd1 Kf7 25. Ke3 Bxc3 26. Rc1 0-1

[Event "16. Bayer Open"]
[Site "Leverkusen"]
[Date "2018.02.05"]
[Round "4.36"]
[White "Liebsch, Ulrich"]
[Black "Esser, Heinz"]
[Result "1-0"]
[WhiteElo "1780"]
[BlackElo "1582"]
[PlyCount "81"]
[EventDate "2018.??.??"]
[WhiteTeam "SC Bayer Leverkusen"]
[BlackTeam "SV Dormagen"]

1. c4 e5 2. d3 Nc6 3. Nc3 Bb4 4. Bd2 f5 5. a3 Bxc3 6. Bxc3 d6 7. Nf3 Nf6 8. g3
O-O 9. Bg2 Qe8 10. O-O Qh5 11. Qd2 Bd7 12. Qg5 Qf7 13. b4 h6 14. Qd2 e4 15. Nd4
Ne5 16. f4 exf3 17. Nxf3 Nxf3+ 18. Bxf3 Qg6 19. Bxb7 Rae8 20. Bg2 Nh5 21. e3
Qg5 22. Rae1 Nf6 23. Bd4 a6 24. Rf4 Nh5 25. Rf2 Nf6 26. Bb7 Ng4 27. Rfe2 Qh5
28. Bxa6 Bc6 29. Rf1 Ne5 30. Bxe5 Rxe5 31. d4 Ree8 32. d5 Ba8 33. Bb5 Rc8 34.
Bd7 Rcd8 35. Be6+ Kh7 36. Ref2 g6 37. e4 Rde8 38. exf5 g5 39. f6 g4 40. Qd3+
Kh8 41. Qd4 1-0

[Event "16. Bayer Open"]
[Site "Leverkusen"]
[Date "2018.02.05"]
[Round "4.37"]
[White "Reinartz, Ulrich"]
[Black "Kronseder, Michael"]
[Result "0-1"]
[WhiteElo "1624"]
[BlackElo "1763"]
[PlyCount "54"]
[EventDate "2018.??.??"]
[WhiteTeam "TV Witzhelden"]
[BlackTeam "SV Hürth-Berrenrath"]

1. e4 c5 2. c3 Nf6 3. e5 Nd5 4. d4 cxd4 5. cxd4 d6 6. Be2 Nc6 7. Nf3 e6 8. O-O
Qc7 9. exd6 Bxd6 10. Nc3 Nxc3 11. bxc3 O-O 12. c4 Rd8 13. Bb2 e5 14. d5 e4 15.
Nd2 Bxh2+ 16. Kh1 Rd6 17. g3 Bxg3 18. fxg3 Rh6+ 19. Kg2 Bh3+ 20. Kf2 e3+ 21.
Kxe3 Re8+ 22. Kd3 Nb4+ 23. Kc3 Nxd5+ 24. Kd3 Nb4+ 25. Kc3 Re3+ 26. Kxb4 Rb6+
27. Ka4 Ra6+ 0-1

[Event "16. Bayer Open"]
[Site "Leverkusen"]
[Date "2018.02.05"]
[Round "4.38"]
[White "Riesen, Ingo"]
[Black "Elshani, Shaip"]
[Result "0-1"]
[WhiteElo "1602"]
[BlackElo "1752"]
[PlyCount "42"]
[EventDate "2018.??.??"]
[WhiteTeam "Klub Kölner SF"]
[BlackTeam "SC Bayer Leverkusen"]

1. Nf3 d5 2. d4 e6 3. e3 Nf6 4. c4 c6 5. Bd2 Be7 6. Be2 O-O 7. O-O h6 8. Nc3 b6
9. cxd5 cxd5 10. Qc2 Bb7 11. Nb5 a6 12. Nc3 Nc6 13. a3 Rc8 14. Rad1 b5 15. Qb1
b4 16. axb4 Nxb4 17. Rc1 Rb8 18. Na2 a5 19. Nxb4 axb4 20. b3 Ne4 21. Ne5 Nxd2
0-1